| 000 | 00423cam a2200157ua 4500 | ||
|---|---|---|---|
| 020 | _a0 8493 2661 3 | ||
| 041 |
_aeng _h |
||
| 082 |
_a028.7163 _bPIM/HA |
||
| 100 | _aPimentel, David . | ||
| 245 |
_aHand book of energy utilization in agriculture / _cDavid Pimentel. _hTextual Documents |
||
| 260 |
_aBocaratton : _bCRC Press Inc. , _c1925. |
||
| 300 | _a475 ; . | ||
| 504 | _a | ||
| 942 | _cBK | ||
| 999 |
_c10136 _d10136 |
||